[Event "chess.com SpeedChess Q1Sw"]
[Site "chess.com INT"]
[Date "2022.11.10"]
[Round "2"]
[White "Kamsky, Gata"]
[Black "Tan, Zhongyi"]
[Result "1-0"]
[WhiteTitle "GM"]
[BlackTitle "GM"]
[WhiteElo "2666"]
[BlackElo "2514"]
[WhiteFideId "2000024"]
[BlackFideId "8603642"]
[EventDate "2022.11.10"]

1. e4 c5 2. Nf3 d6 3. d4 cxd4 4. Nxd4 Nf6 5. Nc3 a6 6. a4 e6 7. a5 Nc6 8. Nxc6
bxc6 9. Bd3 d5 10. O-O Be7 11. Bf4 O-O 12. Qe2 c5 13. b3 Bb7 14. Rfd1 g6 15.
exd5 exd5 16. Na4 Nh5 17. Bh6 Re8 18. Qf3 Rb8 19. Nb6 d4 20. Qg4 Nf6 21. Qh3 Nd5
22. Nxd5 Qxd5 23. Bf4 Bd6 24. Bxd6 Qxd6 25. Qg3 Qxg3 26. hxg3 h5 27. f3 Kf8 28.
Kf2 Ke7 29. Bc4 Kf6 30. c3 Rbd8 31. cxd4 Rxd4 32. Rxd4 cxd4 33. Ra4 Re5 34. Rb4
Bd5 35. Bxa6 Be6 36. Rxd4 Rxa5 37. Bc4 Ra2+ 38. Kg1 Rb2 39. Bxe6 Kxe6 40. b4 g5
41. g4 h4 42. Kh2 f6 43. Kh3 Rb3 44. Kh2 Rb2 45. f4 Rb3 46. Kg1 Rb1+ 47. Kf2
Rb2+ 48. Kf3 Rb3+ 49. Ke4 Rb2 50. f5+ Ke7 51. Kf3 Rb3+ 52. Kf2 Rb2+ 53. Kg1 Rb1+
54. Kh2 Rb3 55. Re4+ Kf7 56. Rc4 Ke7 57. Kg1 Rb2 58. Rd4 Rb1+ 59. Kh2 Rb3 60.
Rc4 Rb2 61. Re4+ Kf7 62. Kg1 Rb1+ 63. Kh2 Rb2 64. Rc4 Rb3 65. Rc7+ Ke8 66. Rb7
Kf8 67. b5 Kg8 68. b6 Kf8 69. Kg1 Rb2 70. Kf1 Kg8 71. Ke1 Rxg2 72. Rc7 Rb2 73.
b7 h3 74. Rc8+ Kg7 75. b8=Q Rxb8 76. Rc7+ Kh6 77. Kf2 Rb1 78. Kg3 Rb3+ 79. Kh2
Rb2+ 80. Kxh3 Rb3+ 81. Kg2 Rb2+ 82. Kf3 Rb3+ 83. Ke4 Rg3 84. Kd5 Rxg4 85. Ke6
Rf4 86. Kxf6 g4 87. Rc8 Kh7 88. Kg5 Ra4 89. Rc7+ Kg8 90. Kg6 Ra6+ 91. f6 Rxf6+
92. Kxf6 g3 93. Rg7+ 1-0

[Event "chess.com SpeedChess Q1Sw"]
[Site "chess.com INT"]
[Date "2022.11.10"]
[Round "3"]
[White "Kovalev, Vladislav"]
[Black "Lewtak, Damian"]
[Result "1-0"]
[WhiteTitle "GM"]
[BlackTitle "IM"]
[WhiteElo "2623"]
[BlackElo "2385"]
[WhiteFideId "13504398"]
[BlackFideId "1141724"]
[EventDate "2022.11.10"]

1. e4 c5 2. Nf3 Nc6 3. Nc3 Nf6 4. Bb5 a6 5. Bxc6 dxc6 6. d3 Bg4 7. h3 Bxf3 8.
Qxf3 e5 9. a4 a5 10. O-O h6 11. Nd1 g6 12. Ne3 Qe7 13. Nc4 Nd7 14. Qg3 Bg7 15.
f4 exf4 16. Bxf4 b6 17. Nd6+ Kf8 18. Nxf7 1-0

[Event "chess.com SpeedChess Q1Sw"]
[Site "chess.com INT"]
[Date "2022.11.10"]
[Round "3"]
[White "Koziorowicz, Michal"]
[Black "Fathy, Elameir"]
[Result "1-0"]
[WhiteTitle "FM"]
[BlackTitle "FM"]
[WhiteElo "2296"]
[BlackElo "2300"]
[WhiteFideId "21809194"]
[BlackFideId "10600396"]
[EventDate "2022.11.10"]

1. Nf3 d5 2. g3 Bg4 3. Bg2 e6 4. b3 Nf6 5. Bb2 Bd6 6. d3 O-O 7. O-O c5 8. h3 Bh5
9. Nbd2 Nc6 10. e4 dxe4 11. dxe4 Be5 12. c3 b5 13. Qe2 a6 14. Rad1 Qa5 15. g4
Bg6 16. Nxe5 Nxe5 17. f4 1-0

[Event "chess.com SpeedChess Q1Sw"]
[Site "chess.com INT"]
[Date "2022.11.10"]
[Round "3"]
[White "Harsha, Bharathakoti"]
[Black "Jeet, Jain"]
[Result "0-1"]
[WhiteTitle "GM"]
[BlackTitle "FM"]
[WhiteElo "2582"]
[BlackElo "2139"]
[WhiteFideId "5078776"]
[BlackFideId "5073022"]
[EventDate "2022.11.10"]

1. e4 e5 2. Nc3 Nf6 3. Bc4 Nc6 4. d3 Bc5 5. Nge2 O-O 6. O-O a6 7. Be3 Bxe3 8.
fxe3 Na5 9. Bb3 Nxb3 10. axb3 d5 11. exd5 Nxd5 12. Nxd5 Qxd5 13. e4 Qc5+ 14. Kh1
Bg4 15. Qd2 Bxe2 16. Qxe2 Rad8 17. Rf5 Rd6 18. Raf1 f6 19. g4 h6 20. h4 Rfd8 21.
g5 hxg5 22. hxg5 fxg5 23. Rxg5 Rh6+ 24. Kg2 Rdd6 25. Qg4 Qxc2+ 26. Rf2 Rh2+ 27.
Kxh2 Qxf2+ 28. Kh3 Rxd3+ 0-1

[Event "chess.com SpeedChess Q1Sw"]
[Site "chess.com INT"]
[Date "2022.11.10"]
[Round "3"]
[White "Fedoseev, Vladimir3"]
[Black "Kamsky, Gata"]
[Result "1-0"]
[WhiteTitle "GM"]
[BlackTitle "GM"]
[WhiteElo "2688"]
[BlackElo "2666"]
[WhiteFideId "24130737"]
[BlackFideId "2000024"]
[EventDate "2022.11.10"]

1. d4 Nf6 2. c4 g6 3. Nc3 d5 4. cxd5 Nxd5 5. e4 Nxc3 6. bxc3 Bg7 7. Bb5+ c6 8.
Ba4 Be6 9. Ne2 Bc4 10. Bb3 Bxb3 11. axb3 Nd7 12. Be3 O-O 13. O-O Qc7 14. e5 c5
15. Qd3 e6 16. f4 Rfd8 17. c4 cxd4 18. Nxd4 a6 19. Rad1 Nc5 20. Qc2 Qa5 21. h4
Rac8 22. h5 b5 23. hxg6 hxg6 24. b4 Qa4 25. bxc5 Qa3 26. Rd3 1-0

[Event "chess.com SpeedChess Q1Sw"]
[Site "chess.com INT"]
[Date "2022.11.10"]
[Round "3"]
[White "De Silva, L M S T"]
[Black "Dushyant, Sharma"]
[Result "0-1"]
[WhiteTitle "IM"]
[BlackTitle "IM"]
[WhiteElo "2521"]
[BlackElo "2370"]
[WhiteFideId "9953698"]
[BlackFideId "25065130"]
[EventDate "2022.11.10"]

1. Nf3 d5 2. b3 e6 3. Bb2 Nf6 4. e3 Be7 5. c4 O-O 6. Nc3 c5 7. d4 Nc6 8. Be2
cxd4 9. Nxd4 Nxd4 10. Qxd4 dxc4 11. Qxc4 Bd7 12. O-O-O Rc8 13. Qd4 Nd5 14. Bc4
Bf6 15. Qd2 Nxc3 16. Bxc3 Bxc3 17. Qxd7 Qa5 18. Kc2 Bf6 19. Kb1 Rxc4 20. bxc4
Qb4+ 21. Kc2 Qc3+ 0-1

[Event "chess.com SpeedChess Q1Sw"]
[Site "chess.com INT"]
[Date "2022.11.10"]
[Round "3"]
[White "Deac, Bogdan-Daniel"]
[Black "Chigaev, Maksim"]
[Result "1/2-1/2"]
[WhiteTitle "GM"]
[BlackTitle "GM"]
[WhiteElo "2700"]
[BlackElo "2632"]
[WhiteFideId "1226380"]
[BlackFideId "4108116"]
[EventDate "2022.11.10"]

1. e4 c5 2. Nf3 e6 3. g3 Nc6 4. Bg2 Nf6 5. Qe2 e5 6. O-O Be7 7. Nc3 d6 8. Nd5
O-O 9. c3 a5 10. a4 Nxd5 11. exd5 Nb8 12. d4 exd4 13. cxd4 Na6 14. dxc5 Nxc5 15.
Re1 Bf6 16. Be3 b6 17. Nd4 Ba6 18. Qg4 Nd3 19. Reb1 Ne5 20. Qf4 Nd3 21. Qg4 Ne5
22. Qf4 Nd3 23. Qg4 1/2-1/2

[Event "chess.com SpeedChess Q1Sw"]
[Site "chess.com INT"]
[Date "2022.11.10"]
[Round "3"]
[White "Petrosyan, Manuel"]
[Black "Aitbayev, Aslan"]
[Result "1-0"]
[WhiteTitle "GM"]
[BlackTitle "IM"]
[WhiteElo "2621"]
[BlackElo "2421"]
[WhiteFideId "13300857"]
[BlackFideId "13704613"]
[EventDate "2022.11.10"]

1. d4 d6 2. Nf3 g6 3. g3 Bg7 4. Bg2 Nd7 5. O-O e5 6. c4 Ne7 7. Nc3 O-O 8. Re1
exd4 9. Nxd4 Nc5 10. Be3 a5 11. Qd2 a4 12. Red1 Bd7 13. Ndb5 Be6 14. Bxc5 dxc5
15. Qg5 f6 16. Qxc5 Qe8 17. Nxc7 Rc8 18. Bxb7 1-0

[Event "chess.com SpeedChess Q1Sw"]
[Site "chess.com INT"]
[Date "2022.11.10"]
[Round "3"]
[White "Manukyan, Sargis A."]
[Black "Alekseenko, Kirill"]
[Result "0-1"]
[WhiteTitle "FM"]
[BlackTitle "GM"]
[WhiteElo "2163"]
[BlackElo "2687"]
[WhiteFideId "13303970"]
[BlackFideId "4135539"]
[EventDate "2022.11.10"]

1. d4 d5 2. c4 dxc4 3. e4 Nf6 4. e5 Nd5 5. Bxc4 Nb6 6. Bb3 Nc6 7. Ne2 Bf5 8.
Nbc3 e6 9. O-O Qd7 10. f3 O-O-O 11. Be3 Kb8 12. Ng3 Bg6 13. Rc1 Nxd4 14. Bxd4
Qxd4+ 15. Qxd4 Rxd4 16. Rfd1 Bc5 17. Kf1 Rhd8 18. Nge2 Rxd1+ 19. Rxd1 Rxd1+ 20.
Nxd1 a5 21. Ndc3 c6 22. Ne4 Bxe4 23. fxe4 Nd7 24. Nf4 Nxe5 25. Ke2 Bd4 26. Nd3
Nxd3 27. Kxd3 Bxb2 28. a4 Kc7 29. h3 Kd6 30. Bd1 Kc5 31. Kc2 Be5 32. Kd3 Kb4 33.
Bc2 b5 34. g4 Ka3 35. h4 Kb4 36. h5 h6 37. Kd2 bxa4 38. Kc1 a3 39. Kb1 c5 40.
Ka2 c4 41. Bd1 Bd6 42. Kb1 Kc3 43. Ba4 Kd2 44. Bc2 a2+ 0-1

[Event "chess.com SpeedChess Q1Sw"]
[Site "chess.com INT"]
[Date "2022.11.10"]
[Round "3"]
[White "Sihite, Chelsie Monica Ignesias"]
[Black "Boros, Denes"]
[Result "0-1"]
[WhiteTitle "WIM"]
[BlackTitle "GM"]
[WhiteElo "2266"]
[BlackElo "2402"]
[WhiteFideId "7101198"]
[BlackFideId "722340"]
[EventDate "2022.11.10"]

1. e4 g6 2. d4 d5 3. exd5 Qxd5 4. Nf3 Bg4 5. Nc3 Qd8 6. Be3 Bg7 7. Be2 Nh6 8. h3
Bxf3 9. Bxf3 c6 10. g4 f5 11. Qd2 Nf7 12. gxf5 Nd7 13. fxg6 hxg6 14. O-O-O Qa5
15. Bg4 Nf6 16. Be6 Nd6 17. Qd3 Nf5 18. d5 Rd8 19. Bxf5 gxf5 20. Qxf5 Nxd5 21.
Qg6+ Kf8 22. Bd4 Nf6 23. Rhg1 Bh6+ 24. Kb1 Qh5 25. Qg3 Rg8 26. Qc7 Kf7 27. Bxf6
Rxd1+ 28. Rxd1 Kxf6 29. Ne4+ Kf7 30. Re1 Qe2 31. Qa5 Qf3 32. Qb4 Rd8 33. Ng5+
Bxg5 34. a4 Rd1+ 35. Rxd1 Qxd1+ 36. Ka2 Qxc2 37. Qxb7 Qxa4+ 38. Kb1 Bf6 39. f3
a5 40. Kc1 Qc4+ 41. Kb1 a4 0-1

[Event "chess.com SpeedChess Q1Sw"]
[Site "chess.com INT"]
[Date "2022.11.10"]
[Round "3"]
[White "Bartel, Mateusz"]
[Black "Xiong, Jeffery"]
[Result "1-0"]
[WhiteTitle "GM"]
[BlackTitle "GM"]
[WhiteElo "2627"]
[BlackElo "2692"]
[WhiteFideId "1112635"]
[BlackFideId "2047640"]
[EventDate "2022.11.10"]

1. e4 e5 2. Nf3 Nc6 3. Bb5 Nf6 4. d3 Bc5 5. Nc3 O-O 6. Bxc6 dxc6 7. Bg5 Re8 8.
Qd2 Be7 9. O-O-O Bg4 10. Rdg1 Bxf3 11. gxf3 Nh5 12. Ne2 g6 13. h4 a5 14. Bxe7
Qxe7 15. f4 Qb4 16. Qe3 a4 17. a3 Qb6 18. Qf3 Nxf4 19. Nxf4 exf4 20. Qxf4 Ra5
21. h5 Qd4 22. hxg6 hxg6 23. Rh7 Rf8 24. Qh6 Qf6 25. f4 1-0

[Event "chess.com SpeedChess Q1Sw"]
[Site "chess.com INT"]
[Date "2022.11.10"]
[Round "3"]
[White "Pranav, V"]
[Black "Samadov, Read"]
[Result "1-0"]
[WhiteTitle "IM"]
[BlackTitle "FM"]
[WhiteElo "2548"]
[BlackElo "2450"]
[WhiteFideId "25060783"]
[BlackFideId "13417444"]
[EventDate "2022.11.10"]

1. e4 c6 2. d4 d5 3. e5 Bf5 4. c4 e6 5. Nc3 Ne7 6. h4 h6 7. a3 Nd7 8. c5 h5 9.
b4 f6 10. exf6 gxf6 11. Be2 Bg6 12. Nh3 e5 13. dxe5 fxe5 14. Ng5 Nf6 15. f4 exf4
16. Bxf4 Qd7 17. O-O Bg7 18. Be5 O-O 19. Rc1 Nf5 20. Qd2 d4 21. Bc4+ Kh8 22. Ne2
Ne3 23. Nf4 Qe8 24. Qxd4 Nxf1 25. Rxf1 Rd8 26. Qxd8 1-0

[Event "chess.com SpeedChess Q1Sw"]
[Site "chess.com INT"]
[Date "2022.11.10"]
[Round "3"]
[White "Vasquez Schroeder, Rodrigo"]
[Black "Paravyan, David"]
[Result "0-1"]
[WhiteTitle "GM"]
[BlackTitle "GM"]
[WhiteElo "2515"]
[BlackElo "2586"]
[WhiteFideId "3400042"]
[BlackFideId "4194985"]
[EventDate "2022.11.10"]

1. e4 e5 2. Nf3 Nf6 3. d4 Nxe4 4. Bd3 d5 5. Nxe5 Nd7 6. Nxd7 Bxd7 7. O-O Bd6 8.
Nc3 Qh4 9. g3 Nxc3 10. bxc3 Qg4 11. Re1+ Kd8 12. Qxg4 Bxg4 13. Rb1 b6 14. c4
dxc4 15. Bxc4 Rf8 16. Bd5 Rb8 17. c4 Kd7 18. Be3 Bf5 19. Rb3 Be6 20. Bxe6+ fxe6
21. Kg2 Rf5 22. f4 Ra5 23. Re2 Rf8 24. Rc2 c6 25. h4 h5 26. Kf3 g6 27. Ke4 Ra4
28. Kf3 Rf5 29. Ke4 Rfa5 30. Rbb2 Ra3 31. Bd2 R5a4 32. Be3 Bc7 33. Kf3 a6 34.
Ke2 b5 35. d5 exd5 36. cxd5 cxd5 37. Rd2 Ke6 38. Rbc2 Bd6 39. Kf2 Rc4 40. Re2
Rxc2 41. Rxc2 b4 42. Re2 Kd7 43. Rd2 a5 44. Rxd5 Rxa2+ 45. Kf3 Kc6 46. Rg5 b3
47. Bd4 Rd2 48. Bg7 a4 49. Ra5 a3 50. Ra6+ Kb5 0-1

[Event "chess.com SpeedChess Q1Sw"]
[Site "chess.com INT"]
[Date "2022.11.10"]
[Round "3"]
[White "Dubov, Daniil"]
[Black "Pranav, Anand"]
[Result "1-0"]
[WhiteTitle "GM"]
[BlackTitle "IM"]
[WhiteElo "2708"]
[BlackElo "2502"]
[WhiteFideId "24126055"]
[BlackFideId "46626786"]
[EventDate "2022.11.10"]

1. d4 d5 2. c4 e6 3. Nf3 Nf6 4. g3 dxc4 5. Bg2 a6 6. O-O Nc6 7. Qc2 Nxd4 8. Nxd4
Qxd4 9. Nd2 c3 10. bxc3 Qg4 11. Rb1 Bc5 12. Nb3 Bb6 13. c4 c6 14. Ba3 e5 15. Qc3
Bc7 16. Rfd1 a5 17. Qe3 Qxc4 18. Rbc1 Ng4 19. Qg5 Qe6 20. Rxc6 bxc6 21. Bxc6+
Bd7 22. Bxd7+ Qxd7 23. Rxd7 Kxd7 24. Qxg4+ Kc6 25. Qe4+ 1-0

[Event "chess.com SpeedChess Q1Sw"]
[Site "chess.com INT"]
[Date "2022.11.10"]
[Round "3"]
[White "Garv, Gaur"]
[Black "Pap, Gyula"]
[Result "0-1"]
[WhiteTitle "CM"]
[BlackTitle "GM"]
[WhiteElo "1973"]
[BlackElo "2425"]
[WhiteFideId "45030839"]
[BlackFideId "725323"]
[EventDate "2022.11.10"]

1. d4 e6 2. Nf3 c5 3. c4 cxd4 4. Nxd4 b6 5. Nc3 Bb7 6. e4 Nc6 7. Be3 Nf6 8. Bd3
Ne5 9. Bf4 Bd6 10. O-O Qb8 11. Be2 Nf3+ 12. Bxf3 Bxf4 13. g3 Be5 14. Bg2 g5 15.
Nde2 g4 16. f4 gxf3 17. Bxf3 h5 18. Qe1 h4 19. Bg2 hxg3 20. Nxg3 Ng4 21. Qe2
Bd4+ 0-1

[Event "chess.com SpeedChess Q1Sw"]
[Site "chess.com INT"]
[Date "2022.11.10"]
[Round "3"]
[White "Rostomyan, Mikayel"]
[Black "Tarnowska, Aleksandra"]
[Result "1-0"]
[WhiteTitle "CM"]
[BlackTitle "WCM"]
[WhiteElo "2219"]
[BlackElo "1835"]
[WhiteFideId "13313754"]
[BlackFideId "1180967"]
[EventDate "2022.11.10"]

1. d4 d5 2. c4 e6 3. g3 Nf6 4. Bg2 Bb4+ 5. Bd2 Be7 6. Nf3 O-O 7. O-O dxc4 8. Qc2
Nbd7 9. a4 c5 10. Qxc4 cxd4 11. Nxd4 Nb6 12. Qd3 e5 13. Nf5 Bxf5 14. Qxf5 Nc4
15. Bc3 Qb6 16. a5 Qb5 17. Na3 Nxa3 18. bxa3 Qxe2 19. Qxe5 Qxe5 20. Bxe5 Nd7 21.
Bf4 Nc5 22. a6 bxa6 23. Bxa8 Rxa8 24. Rfd1 h6 25. Rab1 Na4 26. Bd6 Bf6 27. Rb8+
Rxb8 28. Bxb8 Nc3 29. Rd7 Ne2+ 30. Kg2 Nc1 31. Rxa7 Nd3 32. Ra8 1-0

[Event "chess.com SpeedChess Q1Sw"]
[Site "chess.com INT"]
[Date "2022.11.10"]
[Round "3"]
[White "Samaganova, Aleksandra"]
[Black "Ambartsumova, Karina"]
[Result "0-1"]
[WhiteTitle "WFM"]
[BlackTitle "IM"]
[WhiteElo "1884"]
[BlackElo "2399"]
[WhiteFideId "13800221"]
[BlackFideId "4166299"]
[EventDate "2022.11.10"]

1. c4 Nf6 2. Nc3 g6 3. g3 Bg7 4. Bg2 O-O 5. e3 e5 6. Nge2 c6 7. O-O d5 8. cxd5
cxd5 9. d4 e4 10. h3 Nc6 11. a3 Be6 12. b4 Qd7 13. Kh2 Ne7 14. Bb2 h5 15. Rc1
Nh7 16. Nf4 Bf5 17. Qb3 Rfd8 18. Na4 b6 19. b5 Ng5 20. h4 Nf3+ 21. Bxf3 exf3 22.
Nc3 Bh6 23. Qd1 Be4 24. Nh3 Qg4 25. Ng1 Nf5 26. Nh3 Bxe3 27. fxe3 Qxg3+ 28. Kh1
Qg2# 0-1

[Event "chess.com SpeedChess Q1Sw"]
[Site "chess.com INT"]
[Date "2022.11.10"]
[Round "3"]
[White "Narayanan, S.L."]
[Black "Ter-Sahakyan, Samvel"]
[Result "0-1"]
[WhiteTitle "GM"]
[BlackTitle "GM"]
[WhiteElo "2673"]
[BlackElo "2605"]
[WhiteFideId "5058422"]
[BlackFideId "13302531"]
[EventDate "2022.11.10"]

1. e4 c6 2. d3 d5 3. Nf3 Qc7 4. Nbd2 e5 5. g3 Nf6 6. Bg2 Bd6 7. O-O O-O 8. Re1
Re8 9. h3 Nbd7 10. a4 a5 11. Nb3 h6 12. Nh4 Nc5 13. Nxc5 Bxc5 14. Qf3 dxe4 15.
dxe4 Qe7 16. c3 Be6 17. Nf5 Bxf5 18. Qxf5 Rad8 19. Qf3 Rd7 20. Bf1 Qe6 21. Kg2
Red8 22. Qe2 Nh7 23. Qc4 Qe7 24. h4 Nf6 25. Be2 Ba7 26. b3 Bc5 27. Rb1 Rb8 28.
Bb2 b5 29. axb5 cxb5 30. Qxb5 Rxb5 31. Bxb5 Rd2 32. Re2 Rxe2 33. Bxe2 Qb7 34.
Bd3 Nxe4 0-1

[Event "chess.com SpeedChess Q1Sw"]
[Site "chess.com INT"]
[Date "2022.11.10"]
[Round "3"]
[White "Szente Varga, Fruzsina"]
[Black "Odegov, Artem"]
[Result "0-1"]
[WhiteTitle "WFM"]
[BlackTitle "FM"]
[WhiteElo "2075"]
[BlackElo "2286"]
[WhiteFideId "712264"]
[BlackFideId "34183644"]
[EventDate "2022.11.10"]

1. e4 e6 2. d4 d5 3. Nd2 Nf6 4. e5 Nfd7 5. f4 c5 6. c3 Nc6 7. Ndf3 cxd4 8. cxd4
Qb6 9. Ne2 f6 10. g3 Bb4+ 11. Kf2 fxe5 12. fxe5 Ndxe5 13. Nxe5 Nxe5 14. Kg2 Nc6
15. Be3 O-O 16. Nf4 Bd6 17. Bd3 Qxb2+ 18. Bf2 Bxf4 19. gxf4 Rxf4 20. Rf1 e5 21.
Qh5 e4 22. Qxd5+ Kh8 23. Bxe4 Bg4 24. Rab1 Qe2 25. Rbe1 Rxf2+ 26. Rxf2 Qxe1 27.
Bc2 Qe6 28. Qg5 Nxd4 29. Bd3 Nf3 30. h3 Nxg5 0-1

[Event "chess.com SpeedChess Q1Sw"]
[Site "chess.com INT"]
[Date "2022.11.10"]
[Round "3"]
[White "Vaibhav, Jayant Raut"]
[Black "Guzman Moneo, Alberto"]
[Result "1-0"]
[WhiteTitle "CM"]
[BlackTitle "CM"]
[WhiteElo "2247"]
[BlackElo "2146"]
[WhiteFideId "5089034"]
[BlackFideId "2209616"]
[EventDate "2022.11.10"]

1. Nf3 g6 2. g3 Bg7 3. Bg2 d6 4. O-O e5 5. d3 Nc6 6. c4 f5 7. Nc3 h6 8. Rb1 g5
9. e4 f4 10. b4 g4 11. Nh4 f3 12. Bh1 Nge7 13. Be3 Be6 14. Nd5 Qd7 15. b5 Nd4
16. Bxd4 exd4 17. Nxe7 Qxe7 18. Ng6 Qg5 19. Nxh8 Bxh8 20. h4 Qe5 21. Qc1 Bg7 22.
Qf4 Qxf4 23. gxf4 Bf6 24. h5 Bf7 25. Kh2 Bxh5 26. Rg1 Bh4 27. Bxf3 Bxf2 28. Bxg4
Bxg1+ 29. Rxg1 Bxg4 30. Rxg4 Kf7 31. Rg2 a6 32. Rc2 Ke6 33. Kg3 Kd7 34. f5 axb5
35. cxb5 Ra3 36. Rd2 Ra5 37. Kf4 Rxb5 38. Rh2 Rb2 39. Rxb2 1-0

[Event "chess.com SpeedChess Q1Sw"]
[Site "chess.com INT"]
[Date "2022.11.10"]
[Round "3"]
[White "Bluebaum, Matthias"]
[Black "Rohith, Krishna S"]
[Result "1-0"]
[WhiteTitle "GM"]
[BlackTitle "FM"]
[WhiteElo "2651"]
[BlackElo "2380"]
[WhiteFideId "24651516"]
[BlackFideId "46617051"]
[EventDate "2022.11.10"]

1. d4 Nf6 2. c4 c5 3. d5 e6 4. Nc3 exd5 5. cxd5 d6 6. Nf3 g6 7. Bg5 Bg7 8. Nd2
O-O 9. e4 a6 10. a4 Nbd7 11. Be2 Re8 12. O-O h6 13. Bh4 Qc7 14. f4 Nh7 15. Kh1
Rb8 16. Bg3 f5 17. Bd3 Ndf8 18. Qc2 fxe4 19. Bxe4 b5 20. axb5 axb5 21. Bxg6 Nxg6
22. Qxg6 Re3 23. Nce4 Nf8 24. Qxd6 Qxd6 25. Nxd6 Bg4 26. f5 Bxb2 27. Rab1 Bc3
28. N2c4 Re2 29. Nxb5 Rxb5 30. Rxb5 Bd4 31. Rb8 Rc2 32. Ne5 Be2 33. Rfb1 Kg7 34.
f6+ Kxf6 35. Rxf8+ Kg5 36. h4+ Kh5 37. Rf5# 1-0

[Event "chess.com SpeedChess Q1Sw"]
[Site "chess.com INT"]
[Date "2022.11.10"]
[Round "3"]
[White "Sevian, Samuel"]
[Black "Matinian, Nikita"]
[Result "1/2-1/2"]
[WhiteTitle "GM"]
[BlackTitle "GM"]
[WhiteElo "2687"]
[BlackElo "2425"]
[WhiteFideId "2040506"]
[BlackFideId "24129100"]
[EventDate "2022.11.10"]

1. Nf3 g6 2. d4 Bg7 3. e4 d6 4. c4 Bg4 5. Be2 Bxf3 6. Bxf3 Nc6 7. Be3 e5 8. d5
Nd4 9. Nc3 Ne7 10. h4 h5 11. Qa4+ Qd7 12. Qxd7+ Kxd7 13. O-O-O f5 14. Bxd4 exd4
15. Ne2 c5 16. dxc6+ Nxc6 17. exf5 gxf5 18. Bxc6+ bxc6 19. Nxd4 Bxd4 20. Rxd4
Rag8 21. g3 Rg4 22. Rhd1 Rh6 23. Kc2 Rf6 24. Kc3 f4 25. Re4 Rf7 26. b3 Kc7 27.
Kd3 d5 28. cxd5 cxd5 29. Ra4 Kb6 30. Rh1 fxg3 31. Rxg4 hxg4 32. fxg3 Rf3+ 33.
Ke2 Rxg3 34. h5 Rh3 35. Rxh3 gxh3 36. Kf2 d4 37. h6 h2 38. Kg2 d3 39. h7 h1=Q+
40. Kxh1 d2 41. h8=Q d1=Q+ 42. Kg2 Qc2+ 43. Kf3 Qxa2 44. Qd4+ Kb5 45. Qd5+ Kb6
46. Ke3 a5 47. Qd6+ Kb5 48. Qb8+ Ka6 49. Qc8+ Kb6 50. Qe6+ Kb5 51. Qd5+ Kb6 52.
Qd4+ Kb5 53. Qc4+ Kb6 54. Kd3 Qg2 55. Qe6+ Qc6 56. Qe3+ Qc5 57. Qxc5+ Kxc5 58.
Kc3 Kb5 59. Kb2 a4 60. bxa4+ Kxa4 1/2-1/2

[Event "chess.com SpeedChess Q1Sw"]
[Site "chess.com INT"]
[Date "2022.11.10"]
[Round "3"]
[White "Borgaonkar, Akshay"]
[Black "Aditya, Mittal"]
[Result "0-1"]
[WhiteTitle "CM"]
[BlackTitle "IM"]
[WhiteElo "2135"]
[BlackElo "2486"]
[WhiteFideId "25639110"]
[BlackFideId "35042025"]
[EventDate "2022.11.10"]

1. e4 c5 2. Nf3 d6 3. d4 cxd4 4. Nxd4 Nf6 5. Nc3 a6 6. h3 e6 7. g4 d5 8. Bg2
Nxe4 9. Nxe4 dxe4 10. Bxe4 e5 11. Nb3 Qxd1+ 12. Kxd1 h5 13. g5 Nc6 14. Be3 Be6
15. Ke2 O-O-O 16. Kf3 Be7 17. Bb6 Rdf8 18. Rad1 Bxg5 19. Nc5 Bd8 20. Bxc6 Bxb6
21. Bd7+ Kc7 22. Nxe6+ fxe6+ 23. Ke4 Rxf2 24. Bxe6 Re2+ 25. Kd3 Re3+ 26. Kc4 Rf8
27. Rhf1 Rf4+ 28. Rxf4 exf4 29. Rd7+ Kc6 30. Bf5 g6 0-1

[Event "chess.com SpeedChess Q1Sw"]
[Site "chess.com INT"]
[Date "2022.11.10"]
[Round "3"]
[White "Bok, Benjamin"]
[Black "Duda, Jan-Krzysztof"]
[Result "0-1"]
[WhiteTitle "GM"]
[BlackTitle "GM"]
[WhiteElo "2618"]
[BlackElo "2731"]
[WhiteFideId "1017063"]
[BlackFideId "1170546"]
[EventDate "2022.11.10"]

1. d4 Nf6 2. c4 g6 3. Nc3 d5 4. cxd5 Nxd5 5. e4 Nxc3 6. bxc3 Bg7 7. Nf3 c5 8.
Be3 Qa5 9. Qd2 O-O 10. Rc1 cxd4 11. cxd4 Qxd2+ 12. Nxd2 e6 13. Bb5 a6 14. Ba4 b5
15. Bb3 a5 16. O-O Na6 17. a4 Bd7 18. axb5 Bxb5 19. Bc4 Rfb8 20. Bxb5 Rxb5 21.
Rc4 Nb4 22. Ra1 Nd3 23. Kf1 f5 24. f3 f4 25. Bg1 Rb2 26. Ke2 Nb4 27. Ra4 Bf8 28.
g3 g5 29. gxf4 gxf4 30. Bf2 Na2 31. Kd3 Bb4 32. Rc2 Nc1+ 33. Rxc1 Rxd2+ 34. Kc4
Rc8+ 0-1

[Event "chess.com SpeedChess Q1Sw"]
[Site "chess.com INT"]
[Date "2022.11.10"]
[Round "3"]
[White "Swiercz, Dariusz"]
[Black "Klekowski, Maciej"]
[Result "1-0"]
[WhiteTitle "GM"]
[BlackTitle "GM"]
[WhiteElo "2646"]
[BlackElo "2466"]
[WhiteFideId "1126881"]
[BlackFideId "1132717"]
[EventDate "2022.11.10"]

1. d4 Nf6 2. c4 e6 3. Nc3 Bb4 4. e3 O-O 5. Bd3 d5 6. Nf3 b6 7. O-O Bb7 8. cxd5
exd5 9. a3 Bd6 10. b4 Re8 11. Ra2 Nbd7 12. Re2 Ne4 13. Bb2 a5 14. Qb3 axb4 15.
axb4 Ndf6 16. Ne5 Qc8 17. Nxe4 Bxe5 18. dxe5 Nxe4 19. f3 Ng5 20. f4 Ne4 21. Bxe4
dxe4 22. f5 c5 23. e6 f6 24. Rd2 Re7 25. Rfd1 c4 26. Qc3 b5 27. Rd7 Rxd7 28.
Rxd7 Qf8 29. Rxb7 h5 30. Rf7 Qd8 31. Rd7 Qf8 32. h4 Rb8 33. Qd4 Kh8 34. e7 1-0

[Event "chess.com SpeedChess Q1Sw"]
[Site "chess.com INT"]
[Date "2022.11.10"]
[Round "3"]
[White "Pakleza, Zbigniew"]
[Black "Runets, Ivan"]
[Result "1-0"]
[WhiteTitle "GM"]
[BlackTitle "FM"]
[WhiteElo "2496"]
[BlackElo "2176"]
[WhiteFideId "1119290"]
[BlackFideId "13511564"]
[EventDate "2022.11.10"]

1. d4 Nf6 2. Nf3 e6 3. Bf4 d5 4. e3 b6 5. Nbd2 Bb7 6. c3 Be7 7. h3 O-O 8. Ne5 c5
9. Bd3 Nc6 10. Bh2 Nxe5 11. dxe5 Nd7 12. O-O f5 13. exf6 Bxf6 14. e4 Ne5 15. Bc2
g5 16. exd5 exd5 17. Re1 Ng6 18. Qh5 Kg7 19. Nf3 Rc8 20. Re6 Rc6 21. Rae1 Rxe6
22. Rxe6 Rf7 23. Nxg5 Bxg5 24. Bxg6 hxg6 25. Rxg6+ Kf8 26. Rxg5 Qf6 27. Bg3 Ke7
28. Qg4 Bc6 29. Re5+ Kf8 30. Re6 Bd7 31. Rxf6 1-0